00374 a2200145 4500003000400000005001700004008004100021020001800062040000900080082001500089100002800104245006100132260002600193300000900219OSt20240206102207.0231103b |||||||| |||| 00| 0 eng d a9788194579427 coclc a920bUNN/P aUnnikulam, Ahammadkutty aPAKARAM ILLATHA KM SEETHI SAHIB /cAhamadkutty Unnikulam aKerala:bOlve,c2020. a274p